000 00391nam a22001577a 4500
005 20180203142426.0
008 160427b xxu||||| |||| 00| 0 eng d
020 _a0-07-058753-1
041 _aeng
082 _b00335
_a004.36
100 _aBuchanan, William
_9126
245 _aDistributed Systems and Networks
260 _aNew Delhi
_bTMM Publ.Co.Ltd.
_c2004
300 _a674
942 _cBK
999 _c108
_d108